000 00811nam a2200229 i 4500
001 141796
003 ES-MaACL
005 20250927103015.0
007 t|
008 070928s1928 fr ||||1| fre d
100 1 _aVinsnes, Johan Frederick.
_9115338
245 1 3 _aLe carrefour
_b: roman /
_cJohan Frederick Vinsnes ; traduit du norvegien par P. G. La Chesnais ; preface de Johan Bojer ; avant-propos de Lucien Maury.
260 _aParis :
_b[s.n.],
_c1928 (
_fR. Bussiere)
300 _aXX, 248 p. ;
_c19 cm.
490 1 _aLe cabinet cosmopolite ;
_v29
700 1 _aLa Chesnais, Pierre Georget,
_d1865-1948
_970386
700 1 _aBojer, Johan.
_929924
700 1 _aMaury, Lucien.
_979277
830 0 _aLe cabinet cosmopolite ;
_v29
_9184129
852 _aES-MaACL
_jA-2073
999 _c141796
_d141796